Gramática neerlandesa / (Record no. 51589)

MARC details
000 -LEADER
campo de control de longitud fija 00782nam a2200229 i 4500
001 - NÚMERO DE CONTROL
campo de control 51589
003 - IDENTIFICADOR DE NÚMERO DE CONTROL
campo de control ES-MaACL
005 - FECHA Y HORA DE LA ÚLTIMA TRANSACCIÓN
campo de control 20250803063049.0
007 - CAMPO FIJO DE DESCRIPCIÓN FÍSICA--INFORMACIÓN GENERAL
campo de control de longitud fija t|
008 - DATOS DE LONGITUD FIJA--INFORMACIÓN GENERAL
campo de control de longitud fija 030813s1982 sp |||| | spa d
100 1# - ENTRADA PRINCIPAL--NOMBRE DE PERSONA
Nombre de persona Dam, Cornelius Franz Adolf van,
Fechas asociadas al nombre 1899-1972
9 (RLIN) 42548
245 10 - MENCIÓN DEL TÍTULO
Título Gramática neerlandesa /
Mención de responsabilidad, etc. C.F.A. van Dam, H. Th. Oostendorp.
250 ## - MENCION DE EDICION
Mención de edición 3ª ed.
Resto de la mención de edición a cargo de Hans Tromp y Enrique Bernárdez.
260 ## - PUBLICACIÓN, DISTRIBUCIÓN, ETC.
Lugar de publicación, distribución, etc. Madrid :
Nombre del editor, distribuidor, etc. Ministerio de Educación y Ciencia,
Fecha de publicación, distribución, etc. 1982.
300 ## - DESCRIPCIÓN FÍSICA
Extensión 296 p. ;
Dimensiones 21 cm.
650 #4 - PUNTO DE ACCESO ADICIONAL DE MATERIA--TÉRMINO DE MATERIA
Término de materia o nombre geográfico como elemento de entrada Lengua holandesa-
Subdivisión general Gramática.
9 (RLIN) 154825
700 1# - ENTRADA AGREGADA--NOMBRE PERSONAL
Nombre de persona Tromp, Hans.
9 (RLIN) 111491
700 1# - ENTRADA AGREGADA--NOMBRE PERSONAL
Nombre de persona Bernárdez, Enrique,
Fechas asociadas al nombre 1949-
9 (RLIN) 161110
700 1# - ENTRADA AGREGADA--NOMBRE PERSONAL
Nombre de persona Oostendorp, H. Th.
9 (RLIN) 87119
852 ## - LOCALIZACIÓN
Ubicación ES-MaACL
Número de control de estantería L-4301
Sublocalización o colección R.104948
Holdings
Estatus retirado Estado de pérdida Estado de daño No para préstamo Biblioteca de origen Biblioteca actual Ubicación en estantería Fecha de adquisición Fuente de adquisición Total de préstamos Signatura topográfica completa Código de barras Visto por última vez Precio de reemplazo Tipo de ítem Koha
        Biblioteca del Ateneo de Madrid Biblioteca del Ateneo de Madrid Depósito 2 17/01/2008     L-4301 1054254 23/02/2023 23/02/2023 Libro impreso